000 00419nam a2200181Ia 4500
001 13531
005 20260306164808.0
008 260306t2001||||xx |||||||||||||| ||spa||
041 _aESP
082 _a004.6
_bP19
100 _aPalmer, Michael J.
_eAUT
245 0 _aRedes de computadoras:
_buna guía práctica
260 _c2001
300 _a
_c
650 _aGEN
654 _aCCC
942 _cLIB
_dJUS
_fJUS
_2ddc
_n
999 _c13531
_d13531